00466 a2200145 4500003000400000005001700004008004100021020001800062040000900080082002000089100002200109245014500131260003000276300001400306OSt20230825153202.0230825b |||||||| |||| 00| 0 eng d a9788177585636 coclc a658.0072bKRI/M aKrishnaswamy, K N aMANAGEMENT RESEARCH METHODOLOGY bintegration of principes, methods and techniques /cK N Krishnaswamy, Appa Iyer Sivakumar, M Mathirajan. aChennai{bPearson,c2023. a573 pages